|
|
|
|
| LEADER |
00000nas a22000001a 4500 |
| 001 |
vtls010301914 |
| 003 |
SK-MaSNL |
| 005 |
20260228162557.0 |
| 008 |
110810d19541954xo sr p r 0 b0slo |
| 015 |
|
|
|a SNBDS17XX9999
|
| 015 |
|
|
|a 1099
|2 Balúnová 1945-60
|
| 038 |
|
|
|a SNKBUDS
|
| 040 |
|
|
|a SNK
|b slo
|c SNK
|e AACR2
|
| 041 |
0 |
|
|a slo
|
| 044 |
|
|
|a xo
|c SK
|
| 080 |
|
|
|a 339.3
|2 2001
|
| 245 |
0 |
0 |
|a Podnikový zpravodaj
|b Zdroj, podnikové riaditeľstvo, Spiš. Nová Ves
|
| 260 |
|
|
|a Spišská Nová Ves
|b ZO KSS, ZR ROH, ZS ČSM a Podnikové riaditeľstvo n. p. Zdroj v Spišskej Novej Vsi
|c 1954
|
| 300 |
|
|
|a 1 roč.
|c 31 x 21 cm
|
| 310 |
|
|
|a 2x mesačne
|
| 362 |
0 |
|
|a Roč. I, č. 1 (1954)-č. 13 (21.11.1954)
|
| 500 |
|
|
|a Vych. v Spišskej Novej Vsi 2x mesačne
|
| 500 |
|
|
|a Zodp. zást. čas. Bartolomej Háber
|
| 500 |
|
|
|a Vyd. ZO KSS, ZR ROH, ZS ČSM a Podnikové riaditeľstvo n. p. Zdroj v Spišskej Novej Vsi
|
| 500 |
|
|
|a Tlač. Košické tlačiarne, n. p., prev. v Spišskej Novej Vsi
|
| 500 |
|
|
|a Popis podľa neúplného exempláru od č. 6/1954. Posl. známe číslo 13/I z 21. nov. 1954. Pov. PK č. 9-1229/ 54-II z 26. marca 1954
|
| 505 |
8 |
0 |
|g Roč. I. 1954 13 č. po 8 s.
|
| 610 |
2 |
7 |
|a Zdroj (Spišská Nová Ves, Slovensko)
|x časopisy
|2 SNKBUDS
|9 271475
|
| 650 |
0 |
7 |
|a obchod
|2 SNKPH
|9 2198
|
| 650 |
0 |
7 |
|a obchodné organizácie
|2 SNKBUDS
|9 120124
|
| 655 |
|
7 |
|a podnikové časopisy
|2 SNKBUDS
|9 265225
|
| 700 |
1 |
|
|a Háber, Bartolomej,
|d 1939-1996
|4 pbd
|9 161807
|
| 710 |
2 |
|
|a Zdroj (firma : Spišská Nová Ves, Slovensko).
|b Podnikové riaditeľstvo
|9 167006
|
| 710 |
2 |
|
|a Košické tlačiarne, n.p. (Košice)
|b prevádzka Spišská Nová Ves
|e tlač.
|9 269974
|
| 852 |
|
|
|a SNK
|b 10000
|h ČSB 1411
|
| 852 |
|
|
|a UKB
|b 300000
|h SB 2258
|
| 852 |
|
|
|a SVKKK
|b 900000
|h C 327
|
| 852 |
|
|
|a UKB
|b 300000
|h 20 B 2831
|
| 999 |
|
|
|c 8073
|d 10003
|